| 000 | 00837cam a22002295a 4500 | ||
|---|---|---|---|
| 001 | L155818 | ||
| 008 | 081001s2011 xxkade f u 000 0 eng d | ||
| 020 | _a9781409436461 | ||
| 035 | _a(Sirsi) u157164 | ||
| 041 | 0 | _aeng | |
| 100 | 1 | _aMa, Uly | |
| 245 | 0 | 0 |
_aNo waste: managing sustainability in construction _h[electronic resource] |
| 260 |
_bGower _c2011 |
||
| 300 | _aeBook | ||
| 520 | _aPractical guide to managing sustainability in construction that draws on input from all the related stakeholders: the construction industry itself, the clients, designers and architects and the trades. | ||
| 521 | _aAdvanced | ||
| 650 | 2 | 4 | _aEBOOK |
| 651 | 4 |
_aUnited Kingdom _y |
|
| 690 |
_aSustainability _96271 |
||
| 856 | 4 | 8 |
_uhttps://www.vlebooks.com/ _zView on VLEbooks. Logins for members only from [email protected] |
| 942 | _n0 | ||
| 999 |
_c114639 _d114639 |
||